<The> Rural South in Crisis Chalenges for the Future

Uložené v:
Podrobná bibliografia
Ďalší autori: Beaulieu, Lionel J.
Médium: Kniha
Jazyk:English
Vydavateľské údaje: London Westview Press 1988
Vydanie:1. ed.
Tagy: Pridať tag
Žiadne tagy, Buďte prvý, kto otaguje tento záznam!

MARC

LEADER 00000nam a2200000 4500
001 c026441
005 20221219120533.5
041 0 |a eng 
044 |a GB 
245 1 0 |a <The> Rural South in Crisis  |b Chalenges for the Future  |c Red. Lionel J. Beaulieu 
250 |a 1. ed. 
264 1 |a London  |b Westview Press  |c 1988 
300 |a 384 s. 
700 1 |a Beaulieu, Lionel J.